Ч. 1: Теоретические основы; Основы конструирования машин

Библиографические подробности
Источник:Основы конструирования машин: Учебное пособие/ В. С. Клековкин, Ф. Ф. Фаттиев, Б. В. Севастьянов; Ижевский государственный технический университет. Ч. 1: Теоретические основы.— , 2003-2004
Язык:русский
Опубликовано: 2003
Предметы:
Формат: Книга
Запись в KOHA:https://koha.lib.tpu.ru/cgi-bin/koha/opac-detail.pl?biblionumber=65905

MARC

LEADER 00000nam2a2200000 4500
001 65905
005 20231101212230.0
010 |a 5752601622 
035 |a (RuTPU)RU\TPU\book\69960 
090 |a 65905 
100 |a 20040705d2003 m y0rusy50 ca 
101 0 |a rus 
102 |a RU 
105 |a a j 001zy 
200 0 |a Ч. 1: Теоретические основы 
210 |d 2003 
215 |a 266 с.  |c ил. 
320 |a Библиогр.: с. 245. 
461 1 |0 (RuTPU)RU\TPU\book\70770  |t Основы конструирования машин  |o Учебное пособие  |o В 2 ч.  |f В. С. Клековкин, Ф. Ф. Фаттиев, Б. В. Севастьянов  |g Ижевский государственный технический университет  |v Ч. 1: Теоретические основы  |d 2003-2004 
606 1 |a Детали машин  |x Конструкция и расчет  |2 stltpush  |3 (RuTPU)RU\TPU\subj\9169  |9 36447 
610 1 |a конструирование 
610 1 |a работоспособность 
610 1 |a машиностроительные материалы 
610 1 |a механические передачи 
610 1 |a зубчатые передачи 
610 1 |a расчеты 
610 1 |a червячные передачи 
610 1 |a цепные передачи 
610 1 |a фрикционные передачи 
610 1 |a ременные передачи 
610 1 |a валы 
610 1 |a оси 
610 1 |a подшипники качения 
610 1 |a подшипники скольжения 
610 1 |a соединения 
610 1 |a муфты 
610 1 |a корпусные детали 
610 1 |a надежность 
610 1 |a качество 
610 1 |a машиностроительные изделия 
610 1 |a интеллектуальная собственность 
610 1 |a правовая защита 
610 1 |a учебные пособия 
675 |a 621.81.001.66(075.8)  |v 3 
801 1 |a RU  |b 63413507  |c 20040705  |g PSBO 
801 2 |a RU  |b 63413507  |c 20131217  |g PSBO 
942 |c BK